Normal view
MARC view
Entry Personal Name
001 - CONTROL NUMBER
- control field: 108726
003 - CONTROL NUMBER IDENTIFIER
- control field: OSt
005 - DATE AND TIME OF LATEST TRANSACTION
- control field: 20230518152402.0
008 - FIXED-LENGTH DATA ELEMENTS
- fixed length control field: 230518|| aca||aabn | a|a d
040 ## - CATALOGING SOURCE
- Original cataloging agency: OSt
- Transcribing agency: OSt
100 ## - HEADING--PERSONAL NAME
- Personal name: KALAM (A P J Abdul);RAJAN (Y S)
670 ## - SOURCE DATA FOUND
- Source citation: Work cat.: (OSt)167795: KALAM (A P J Abdul);RAJAN (Y S), India 2020: a vision for the new millennium, 2014